North America Capitals Quiz - Yellow Box - Statistics

General Stats
  • This quiz has been taken 47 times
  • The average score is 17 of 23
Answer Stats
Country Capital % Correct
Panama Panama City
95%
Belize Belmopan
89%
Cuba Havana
84%
Canada Ottawa
84%
United States Washington D.C.
84%
Mexico Mexico City
79%
Bahamas Nassau
79%
Haiti Port-au-Prince
79%
Costa Rica San Jose
79%
Dominican Republic Santo Domingo
79%
St. Kitts & Nevis Basseterre
74%
Barbados Bridgetown
74%
Jamaica Kingston
74%
Dominica Roseau
74%
Antigua & Barbuda Saint John's
74%
Guatemala Guatemala City
68%
St. Vincent & the Grenadines Kingstown
68%
Trinidad & Tobago Port-of-Spain
68%
Grenada Saint George's
68%
El Salvador San Salvador
68%
Honduras Tegucigalpa
68%
Nicaragua Managua
63%
St. Lucia Castries
58%
No matching quizzes found
Score Distribution
Percent of People with Each Score
Percentile by Number Answered
Your Score History
You have not taken this quiz